000 00573nam a2200205Ia 4500
003 OSt
005 20250303115424.0
008 210210b1972 xxu||||| |||| 00| 0 eng d
040 _cAL
041 _ahin
082 _aH891.8 CHOH
100 _aCHOPDA (Sudarshan):
_9203380
110 _bचोपड़ा सुदर्शन
_9203381
245 _aHamare veer senani:
_bहमारे वीर सेनानी
260 _aNayi Dilli
_bRajpal and Sons
_c1972
300 _a133
690 _aHindi Miscellaneous
_9203382
906 _a030684
942 _2ddc
_cBK
999 _c81855
_d81855